| 000 | 01307nam a2200349Ia 4500 | ||
|---|---|---|---|
| 001 | Z_6847 | ||
| 003 | CHAP | ||
| 005 | 20230622115100.0 | ||
| 008 | 220113s2015 xx 000 0 und d | ||
| 010 | _a170121 | ||
| 040 | _cCHAP | ||
| 090 | _aTesis S26 2491 | ||
| 100 |
_aSancén Ramos, Agustín _9130296 |
||
| 245 |
_aUso de biofertilizantes (Azospirillum y Micorrizas) en el cultivo de maíz (Zea mays) híbrido cimarrón de asgrow, sucesión tomate-maíz, en el Municio de Salvatierra, Guanajuato / _cAgustín Sancén Ramos |
||
| 260 |
_aMéxico : _bEl autor, _c2015 |
||
| 300 | _aCD | ||
| 502 | _aTesis ( Ingeniero Agrónomo Especialista en Zootecnia) -- UACh, 2015 \ Dirección: Raúl Flores Martínez; asesoría: Francisco Rodríguez Neave y Agustín Ruíz Flores | ||
| 650 |
_aAzospirillum _99126 |
||
| 650 |
_aBiofertilizantes _912734 |
||
| 650 |
_aMaíz _970848 |
||
| 650 |
_aMicorrizas _9146129 |
||
| 650 |
_aRendimiento _9143245 |
||
| 700 |
_a Rodríguez Neave, Francisco, asesor _9146130 |
||
| 700 |
_a Ruíz Flores, Agustín, asesor _9142674 |
||
| 700 |
_aFlores Martínez, Raúl, director _9146131 |
||
| 856 | 4 | 2 |
_uhttp://10.13.5.2/tesis/sist112155.pdf _yDescargar PDF |
| 901 | _aTESIS S26 2491 | ||
| 902 | _aM | ||
| 910 | _a2015 | ||
| 942 |
_c2 _2ddc |
||
| 942 |
_c2 _2ddc |
||
| 999 |
_c170121 _d170121 |
||